000 00498nab a2200193 4500
999 _c370871
_d370871
001 238538
003 OSt
005 20210929130650.0
007 tu
008 180201s2018|||||||
040 _aDE-2950
_cDE-2950
245 0 0 _aDie frühere Synagoge in der Wollenweberstraße 60 /
_cBernhard Klemm
264 _c2021
653 _aFrankfurt (Oder)
653 _aSynagoge
653 _aGeschichte 1823-1945
773 0 _gOktober / November 01.10. - 31.11.2021, S. 9
_tGemeindebrief
942 _2z
_cA